Entry Término temático
001 - NÚMERO DE CONTROL
- campo de control: 9920
003 - IDENTIFICADOR DE NÚMERO DE CONTROL
- campo de control: SpMaBN
005 - FECHA Y HORA DE LA ÚLTIMA TRANSACCIÓN
- campo de control: 20250818043441.0
008 - ELEMENTOS DE DATO DE LONGITUD-FIJA
- campo de control de longitud fija: 901201 n anznnbabn |a ana
016 ## - NÚMERO DE CONTROL DE UNA AGENCIA BIBLIOGRÁFICA NACIONAL
- Número de control del registro: BNE19901021419
024 7# - IDENTIFICADOR DE OTROS ESTÁNDARES
- Número estándar o código: http://id.loc.gov/authorities/subjects/sh85006024
- Fuente: lcsh
024 7# - IDENTIFICADOR DE OTROS ESTÁNDARES
- Número estándar o código: http://data.bnf.fr/ark:/12148/cb11950847r
- Fuente: rameau
024 7# - IDENTIFICADOR DE OTROS ESTÁNDARES
- Número estándar o código: http://lemac.sgcb.mcu.es/Autoridades/LEMAC201201626/concept
- Fuente: lemac
040 ## - FUENTE DE CATALOGACIÓN
- Centro catalogador/agencia de origen: SpMaBN
- Lengua de catalogación: spa
- Centro/agencia transcriptor: SpMaBN
- Normas de descripción: rdc
- Convención/Normas de encabezamiento de materia/tesauro: embne
042 ## - CÓDIGO DE AUTENTICACIÓN
- Código de autenticación: 200202121249PCMPBC BNEP 00
080 ## - NÚMERO DE LA CLASIFICACIÓN DECIMAL UNIVERSAL
- Número de la Clasificación Decimal Universal: 255.2-158
- Identificador de la edición: 2015
150 ## - ENCABEZAMIENTO--TÉRMINO DE MATERIA
- Término de materia o nombre geográfico como elemento de entrada: Apolo (Divinidad griega)
450 ## - TRAZADO DE VÉASE--TÉRMINO DE MATERIA
- Término de materia o nombre geográfico como elemento de entrada: Apollon (Divinidad griega)
550 ## - TRAZADO VÉASE ADEMÁS--TÉRMINO DE MATERIA
- Subcampo de control: g
- Término de materia o nombre geográfico como elemento de entrada: Dioses griegos
550 ## - TRAZADO VÉASE ADEMÁS--TÉRMINO DE MATERIA
- Término de materia o nombre geográfico como elemento de entrada: Oráculo de Delfos
670 ## - FUENTE DE DATOS ENCONTRADOS
- Cita de la fuente: LCSH
- Información encontrada: [Apollo (Greek deity)]
670 ## - FUENTE DE DATOS ENCONTRADOS
- Cita de la fuente: CSIC
- Información encontrada: [Apolo (Personaje mitológico)]
670 ## - FUENTE DE DATOS ENCONTRADOS
- Cita de la fuente: RAMEAU
- Información encontrada: [Apollon (divinité grecque)]
750 #7 - ENTRADA DE ENLACE DE ENCABEZAMIENTO ESTABLECIDO--TÉRMINO DE MATERIA
- Término de materia o nombre geográfico como elemento de entrada: Apollon (divinité grecque)
- Fuente del encabezamiento o término: rameau
750 #7 - ENTRADA DE ENLACE DE ENCABEZAMIENTO ESTABLECIDO--TÉRMINO DE MATERIA
- Término de materia o nombre geográfico como elemento de entrada: Apol·lo (Divinitat grega)
- Fuente del encabezamiento o término: lemac
